| 000 | 00571nam a22001937a 4500 | ||
|---|---|---|---|
| 003 | AR-RoIUNI | ||
| 005 | 20250217131106.0 | ||
| 008 | 250217b |||||||| |||| 00| 0 spa d | ||
| 040 | _cIUNIR | ||
| 080 | _a616 | ||
| 100 | _aOrquera Miranda, Paulo | ||
| 245 |
_aMetodologia de la simulacion clinica : _bmanual en ciencias de la salud / _cPaulo Orquera Miranda. |
||
| 250 | _a1er. Ed. | ||
| 260 |
_aBogotá : _bEcoe Ediciones, _c2023. |
||
| 300 |
_a186 p. _eInluye datos curriculares del autor. |
||
| 650 | _2Medicina | ||
| 650 | _2Simulación | ||
| 942 |
_2cdu _cBK |
||
| 999 |
_c5927 _d5927 |
||